Диалектика и практика. Вопросы теории социального отражения

Dades bibliogràfiques
Autor corporatiu: Академия наук СССР (АН СССР) Институт философии (ИФ)
Altres autors: Элез Й. (редактор), Быков В. В., Давыдова Г. А., Элез Й. Йово
Sumari:Авт. указаны на 7-й с.
Idioma:rus
Publicat: Москва, Наука, 1984
Matèries:
Format: MixedMaterials Llibre
KOHA link:https://koha.lib.tpu.ru/cgi-bin/koha/opac-detail.pl?biblionumber=292457

MARC

LEADER 00000nam0a2200000 4500
001 292457
005 20231102000509.0
020 |a RU  |b 84-7824 
035 |a (RuTPU)RU\TPU\book\317077 
090 |a 292457 
100 |a 20150422d1984 k y0rusy5003 ca 
101 0 |a rus 
102 |a RU 
105 |a y z 001zy 
200 1 |a Диалектика и практика. Вопросы теории социального отражения  |f Й. Элез [и др.]  |g Академия наук СССР (АН СССР), Институт философии (ИФ) ; под ред. Й. Элез 
210 |a Москва  |c Наука  |d 1984 
215 |a 336 с.  |d 21 см 
300 |a Авт. указаны на 7-й с. 
606 1 |a Отражение  |x Философия  |2 stltpush  |3 (RuTPU)RU\TPU\subj\47818  |9 66728 
610 1 |a теория познания 
610 1 |a диалектический материализм 
686 |a Ю223.3  |2 rubbk 
701 1 |a Элез  |b Й. 
701 1 |a Быков  |b В. В. 
701 1 |a Давыдова  |b Г. А. 
702 1 |a Элез  |b Й.  |g Йово  |4 340 
712 0 2 |a Академия наук СССР (АН СССР)  |b Институт философии (ИФ)  |2 stltpush  |3 (RuTPU)RU\TPU\col\11338 
801 0 |a RU  |b RuMRKP  |c 19950704  |g psbo 
801 1 |a RU  |b 63413507  |c 20150422 
801 2 |a RU  |b 63413507  |c 20171013  |g RCR 
942 |c BK